000 00478nam a2200157Ia 4500
999 _c20131
_d20131
003 OSt
005 20200608101753.0
008 190216s9999||||xx |||||||||||||| ||und||
040 _coclc
082 _a320.95483
_bRAJ/E
100 _aRajendran, G
_92603
245 4 _aThe Ezhava Community And Kerala Politics /
_cG Rajendran
260 _bThe Kerala Accademy,
_c1974.
_aTrivandrum:
300 _a82p
942 _cBK
_2ddc
_h320.95483
_iRAJ/E
_k320.95483
_mRAJ/E